Cricket Playing Nations - Statistics

General Stats
  • This quiz has been taken 508 times
  • The average score is 10 of 17
Answer Stats
Team % Correct
Australia
95%
India
94%
England
90%
Pakistan
85%
New Zealand
84%
South Africa
77%
Bangladesh
72%
Ireland
72%
Sri Lanka
72%
West Indies
67%
Zimbabwe
58%
Afghanistan
56%
Scotland
54%
Nepal
19%
Hong Kong
11%
United Arab Emirates
7%
Papua New Guinea
3%
No matching quizzes found
Score Distribution
Percent of People with Each Score
Percentile by Number Answered
Your Score History
You have not taken this quiz